000 00618pab a2200205 454500
008 180718b2004 xxu||||| |||| 00| 0 eng d
100 _aSwaminathan, Padmini
245 _aThe trauma of `wage employment' and the `burden of work' for women in India: evidences and experiences
260 _c2004
300 _ap.63-103.
362 _aDec
650 _aWages - India
650 _aEmployment - India
650 _aWomens employment - India
650 _aWomen workers - India
650 _aWomens participation - India
650 _aWomens participation
773 _aLabour and Development
909 _a64515
999 _c64515
_d64515